Name a Valid Answer - Formula 1 Edition - Statistics

General Stats
  • This quiz has been taken 326 times
    265 since last reset
  • The average score is 6 of 9
Answer Stats
Name a Valid Driver/Team who... Answer % Correct
Won 4 or more World Titles Micheal Schumacher(7)|Lewis Hamilton(7)|Juan Manuel Fangio(5)|Alain Prost(4)|Sebastian Vettel(4)
99%
Win 10 or more WDCs(Teams) Ferrari(15)|McLaren(12)
78%
Win a World Title with multiple constructors Juan Manuel Fangio(Alfa Romeo, Maserati, Mercedes, Ferrari)|Jack Brabham(Cooper, Brabham)|Graham Hill(BRM, Lotus)|Jackie Stewart(Matra, Tyrell)|Emerson Fittipaldi(Lotus, McLaren)|Nelson Piquet(Brabham, Williams)|Niki Lauda(Ferrari, McLaren)|Alain Prost(McLaren, Williams)|Micheal Schumacher(Benetton, Ferrari)|Lewis Hamilton(McLaren, Mercedes)
77%
Are currently active and were before 2000(Includes teams that were active but then left the series but came back since 2000) Ferrari|Alfa Romeo|Mercedes|Williams|McLaren|Aston Martin
76%
Is a world champion that was also a driver-owner(drove in a season and owned a team) John Surtees|Jack Brabham|Jackie Stewart|Alain Prost|Graham Hill
71%
Country that has won a race but never a World Drivers' Championship Sweden|Belgium|Switzerland|Colombia|Mexico|Monaco|Poland|Venezuela
70%
Is a second-generation champion Damon Hill|Nico Rosberg
65%
Win a World Title despite dying mid-season Jochen Rindt(1970)
52%
Has had their number retired Jules Bianchi(#17)
48%
No matching quizzes found
Score Distribution
Percent of People with Each Score
Percentile by Number Answered
Your Score History
You have not taken this quiz since the last reset